Río Colorado

Guardat en:
Dades bibliogràfiques
Autor principal: Leal Ladrón de Guevara, Alejandra (Autor)
Format: Llibre
Idioma:espanyol
Publicat: Valdivia Gráfica del Sur 1998
Edició:1a. ed
Matèries:
Etiquetes: Afegir etiqueta
Sense etiquetes, Sigues el primer a etiquetar aquest registre!

MARC

LEADER 00000nam a2200000 a 4500
001 UCK7661
003 CL-VaPUC
008 051202e19980000CL |||||||||||||||||spa|d
082 0 4 |a Ch863  |b LEA  |2 21 
100 |a Leal Ladrón de Guevara, Alejandra  |e author  |9 804508 
245 1 0 |a Río Colorado 
250 |a 1a. ed 
300 |a 85 p 
942 |c BK 
945 |d 20051202 00:00:00  |a cmena 
260 |a Valdivia  |b Gráfica del Sur  |c 1998 
650 0 |a Novelas chilenas   |9 265425 
650 0 |a Literatura chilena   |9 308278 
583 |a last modification  |c 20051202 00:00:00  |k Rodrigo Vera 
999 |c 315513  |d 315511 
952 |0 0  |1 0  |4 0  |6 CH_863_000000000000000_LEA_1998  |7 0  |8 A  |9 388824  |a BIBEDU  |b BIBEDU  |d 2019-11-22  |i 419022K  |o Ch863 LEA 1998  |p 419022K  |r 2019-11-22  |w 2019-11-22  |y BK  |k LIT